О бесфононных линиях и их роли в спектроскопии и фотохимии примесных твердотельных систем; Бесфононные линии в спектроскопии и фотохимии

Dettagli Bibliografici
Parent link:Бесфононные линии в спектроскопии и фотохимии.— 1986.— С. 7-30
Autore principale: Ребане К. К.
Lingua:russo
Pubblicazione: 1986
Natura: Capitolo di libro
KOHA link:https://koha.lib.tpu.ru/cgi-bin/koha/opac-detail.pl?biblionumber=216415

MARC

LEADER 00000naa2a2200000 4500
001 216415
005 20260415145831.0
035 |a (RuTPU)RU\TPU\book\236385 
090 |a 216415 
100 |a 20120524d1986 k y0rusy50 ca 
101 0 |a rus 
102 |a EE 
200 1 |a О бесфононных линиях и их роли в спектроскопии и фотохимии примесных твердотельных систем  |f К. К. Ребане 
320 |a Библиогр.: с. 28-30 (31 назв.) 
463 0 |0 (RuTPU)RU\TPU\book\236366  |t Бесфононные линии в спектроскопии и фотохимии  |f Академия наук Эстонской ССР (АН ЭССР), Институт физики (ИФ)  |v С. 7-30  |d 1986  |s Труды института физики АН ЭССР ; Вып. 59 
700 1 |a Ребане  |b К. К. 
801 1 |a RU  |b 63413507  |c 20120524 
942 |c BK